000 01322nam a2200253Ia 4500
999 _c54937
_d54937
001 22008
003 GE_BSU
005 20220926115613.0
008 181216s1984||||ge |||||||||||||| ||geo||
040 _cGE_BSU
041 _ageo
080 _a821.111-31 მ-54
100 _aმელორი, ტომას
_914786
245 _aამბავი მეფე ართურის ზეობისა =THE TALE OF KING ARTHUR :
_bრომანი ნაწ. 2 /
_cტომას მელორი ; ინგ. თარგმნა ე. მაღრაძემ ; რედ. ნ. ქართველიშვილი.
250 _aპირველი გამოცემა
264 _aთბილისი :
_bნაკადული,
_c1984.
300 _a277 გვ. ;
_c21სმ.
500 _a15-საუკუნის ინგლისელი მწერლის ტომის მელორის ცნობილი სარაინდო რომანი
541 _h7ლ.
653 _aამბავი მეფე ართურის ზეობისა
700 _aმაღრაძემ, ე.
_eმთარგმნელი
_914787
700 _aქართველიშვილი, ნ.
_eრედაქტორი
_97659
942 _cBK
_2udc